[Event "Quebec op"]
[Site "Laval"]
[Date "2022.09.01"]
[Round "1"]
[White "Laroche, Hugo"]
[Black "Bluvshtein, Ilia"]
[Result "0-1"]
[WhiteElo "1696"]
[BlackElo "2034"]
[PlyCount "134"]
[EventDate "2022.09.01"]
[EventType "swiss"]
[EventRounds "9"]
[EventCountry "CAN"]
[SourceTitle "CBM 210 Extra"]
[Source "ChessBase"]
[SourceDate "2022.11.30"]
[SourceVersion "1"]
[SourceVersionDate "2022.11.30"]
[SourceQuality "1"]

1. d4 Nf6 2. Bf4 g6 3. Nf3 Bg7 4. e3 c5 5. c3 0-0 6. h3 d6 7. Bd3 Nc6 8. Bc2 Qb6 9. Qc1 Qa6 10. Qd1 cxd4 11. exd4 e5 12. dxe5 dxe5 13. Be3 Be6 14. Na3 Nd5 15. Qe2 Nxe3 16. fxe3 Qb6 17. Bd3 Bh6 18. e4 Qc5 19. Bc4 Rfe8 20. Bxe6 Rxe6 21. Qc4 Qb6 22. Qb5 Qe3+ 23. Qe2 f5 24. Qxe3 Bxe3 25. exf5 gxf5 26. Nc2 Bc5 27. Rd1 Rf8 28. Rf1 f4 29. Rd5 Be7 30. Ke2 e4 31. Nfd4 Rg6 32. Ne1 Bh4 33. Nxc6 bxc6 34. Re5 e3 35. Re4 Bxe1 36. Kxe1 Rxg2 37. Rfxf4 Rxf4 38. Rxf4 Rxb2 39. Ra4 Kf7 40. Rxa7+ Kg6 41. Ra6 Kg5 42. Rxc6 Rxa2 43. Re6 Kf4 44. c4 h5 45. c5 Kf3 46. Rf6+ Kg3 47. c6 Rc2 48. Re6 Kf3 49. Rf6+ Kg2 50. Re6 h4 51. Rxe3 Rxc6 52. Ra3 Re6+ 53. Kd2 Kf2 54. Ra4 Rd6+ 55. Kc3 Kg3 56. Kc2 Kxh3 57. Ra8 Kh2 58. Rg8 h3 59. Rg7 Kh1 60. Rg8 h2 61. Rg7 Ra6 62. Kd1 Ra1+ 63. Ke2 Rg1 64. Rf7 Kg2 65. Rg7+ Kh3 66. Rh7+ Kg3 67. Rg7+ Kf4 0-1

[Event "Toronto CMA Futurity"]
[Site "Toronto"]
[Date "2017.04.16"]
[Round "4"]
[White "Talukdar, Rohan Shyam"]
[Black "Bluvshtein, Ilia"]
[Result "1-0"]
[WhiteElo "2096"]
[BlackElo "2100"]
[PlyCount "99"]
[EventDate "2017.03.14"]
[EventType "swiss"]
[EventRounds "5"]
[EventCountry "CAN"]
[SourceTitle "EXT 2022"]
[Source "ChessBase"]
[SourceDate "2021.10.06"]
[SourceVersion "1"]
[SourceVersionDate "2021.10.06"]
[SourceQuality "1"]

1. e4 e5 2. Nf3 Nc6 3. Bc4 Nf6 4. d3 d5 5. exd5 Nxd5 6. h3 Bc5 7. 0-0 0-0 8. Re1 f6 9. Nc3 Be6 10. d4 Bb6 11. dxe5 Nf4 12. Bxe6+ Nxe6 13. Qxd8 Raxd8 14. exf6 Rxf6 15. Be3 Nf4 16. Ne4 Rf5 17. Neg5 Bxe3 18. fxe3 Ng6 19. Rad1 Rfd5 20. Rxd5 Rxd5 21. Ne6 Nce5 22. Nxe5 Rxe5 23. Nd4 c5 24. Nf3 Re7 25. Kf2 Ne5 26. Nxe5 Rxe5 27. e4 Kf7 28. Kf3 c4 29. Rd1 Rb5 30. b3 cxb3 31. cxb3 Ke7 32. Rd5 Rb6 33. Rc5 Rf6+ 34. Ke3 Kd7 35. Rf5 Rg6 36. Rf7+ Kc6 37. Kf3 a5 38. h4 b5 39. h5 Rh6 40. g4 Kc5 41. Rxg7 Kb4 42. Rb7 Rf6+ 43. Ke3 h6 44. e5 Rf1 45. Rb6 Re1+ 46. Kf4 Re2 47. a4 Kxb3 48. axb5 Kc4 49. Rxh6 Kxb5 50. Rh8 1-0

[Event "Wch Seniors 50 24th"]
[Site "Katerini"]
[Date "2014.11.03"]
[Round "10"]
[White "Malinin, Vasily Borisovich"]
[Black "Bluvshtein, Ilia"]
[Result "1-0"]
[WhiteElo "2280"]
[BlackElo "2088"]
[PlyCount "79"]
[EventDate "2014.10.24"]
[EventType "swiss"]
[EventRounds "11"]
[EventCountry "GRE"]
[SourceTitle "EXT 2015"]
[Source "ChessBase"]
[SourceDate "2014.11.20"]
[SourceVersion "1"]
[SourceVersionDate "2014.11.20"]
[SourceQuality "1"]

1. d4 Nf6 2. c4 g6 3. Nc3 d5 4. cxd5 Nxd5 5. e4 Nxc3 6. bxc3 Bg7 7. Bc4 c5 8. Ne2 Nc6 9. Be3 0-0 10. h4 cxd4 11. cxd4 e5 12. d5 Na5 13. Bd3 h6 14. Qd2 Kh7 15. Rc1 Bd7 16. h5 g5 17. Ng3 a6 18. Bc5 Re8 19. Qe3 Bb5 20. 0-0 Bxd3 21. Bb6 Qf6 22. Bxa5 Bxf1 23. Kxf1 Rac8 24. Bc7 Re7 25. d6 Rd7 26. Nf5 Bf8 27. Rc5 Rdxc7 28. Rxc7 Rxc7 29. dxc7 Qc6 30. g3 Qxc7 31. Kg2 b5 32. Kh3 a5 33. Qd3 Qc4 34. Qd7 b4 35. Qe8 Bc5 36. Qxe5 Bf8 37. Qe8 Bc5 38. Qc6 Qf1+ 39. Kg4 Bf8 40. Qe8 1-0

[Event "Aurora Summer op"]
[Site "Aurora"]
[Date "2014.07.05"]
[Round "1.12"]
[White "Bluvshtein, Ilia"]
[Black "Vettese, Nicholas"]
[Result "1/2-1/2"]
[WhiteElo "2218"]
[BlackElo "1949"]
[PlyCount "115"]
[EventDate "2014.07.05"]
[EventType "swiss"]
[EventRounds "5"]
[EventCountry "CAN"]
[SourceTitle "EXT 2022"]
[Source "ChessBase"]
[SourceDate "2021.10.06"]
[SourceVersion "1"]
[SourceVersionDate "2021.10.06"]
[SourceQuality "1"]

1. e4 c5 2. Nf3 d6 3. d4 cxd4 4. Nxd4 Nf6 5. Nc3 a6 6. Bg5 e6 7. f4 Nbd7 8. Qf3 Qc7 9. 0-0-0 b5 10. Bxf6 gxf6 11. f5 e5 12. Nd5 Qa7 13. Ne6 fxe6 14. fxe6 Nc5 15. Nxf6+ Kd8 16. Nd7 Nxd7 17. exd7 Bxd7 18. Qf6+ Kc7 19. Kb1 Rg8 20. c4 Qe3 21. c5 Qxe4+ 22. Bd3 Qf4 23. cxd6+ Kb6 24. Qxf4 exf4 25. Bxh7 Rg7 26. Be4 Bc6 27. Bxc6 Kxc6 28. Rd4 Rd8 29. Rxf4 Bxd6 30. Rf2 Rdg8 31. g3 Rh7 32. a3 Kb7 33. Rd1 Bc7 34. Rd3 Rgh8 35. Rdd2 Rh3 36. Ka2 R8h7 37. Kb3 Bb6 38. Rg2 Re7 39. Rd3 Rc7 40. a4 Rc1 41. axb5 axb5 42. Kb4 Ka6 43. Ra3+ Kb7 44. Kxb5 Rh1 45. Re2 Rh5+ 46. Ka4 R5xh2 47. Re7+ Kc6 48. Re6+ Kb7 49. Rb3 Ra1+ 50. Kb4 Rc2 51. g4 Ra6 52. Re7+ Kc6 53. Rc3+ Rxc3 54. Kxc3 Ra5 55. b4 Rg5 56. Re4 Kd5 57. Kd3 Re5 58. Rxe5+ 1/2-1/2

[Event "Canadian op"]
[Site "Toronto"]
[Date "2010.07.17"]
[Round "8"]
[White "Krnan, Tomas"]
[Black "Bluvshtein, Ilia"]
[Result "1-0"]
[WhiteElo "2408"]
[BlackElo "2085"]
[PlyCount "53"]
[EventDate "2010.07.10"]
[EventType "swiss"]
[EventRounds "9"]
[EventCountry "CAN"]
[SourceTitle "CBM 137 Extra"]
[Source "ChessBase"]
[SourceDate "2010.09.01"]
[SourceVersion "1"]
[SourceVersionDate "2010.09.01"]
[SourceQuality "1"]

1. e4 e5 2. Nf3 Nc6 3. Bb5 f5 4. Nc3 fxe4 5. Nxe4 Nf6 6. Nxf6+ Qxf6 7. Qe2 Be7 8. Bxc6 dxc6 9. Nxe5 0-0 10. d4 c5 11. dxc5 Bf5 12. b4 Bxc2 13. Bb2 Qf5 14. Rc1 Be4 15. Qc4+ Kh8 16. f3 Bh4+ 17. g3 Qh3 18. Qf1 Qe6 19. Qe2 Qh3 20. Rg1 Bxf3 21. Nxf3 Rae8 22. Ne5 Bf6 23. Rc4 Re6 24. Re4 Rfe8 25. Rf1 Kg8 26. Rff4 g5 27. Ng4 1-0

[Event "Quebec op U2400"]
[Site "Montreal"]
[Date "2008.07.23"]
[Round "5"]
[White "Bluvshtein, Ilia"]
[Black "Brown, Gabriel"]
[Result "1-0"]
[WhiteElo "2117"]
[BlackElo "1940"]
[PlyCount "55"]
[EventDate "2008.07.19"]
[EventType "swiss"]
[EventRounds "9"]
[EventCountry "CAN"]
[SourceTitle "EXT 2011"]
[Source "ChessBase"]
[SourceDate "2010.11.26"]
[SourceVersion "1"]
[SourceVersionDate "2010.11.26"]
[SourceQuality "1"]

1. e4 c5 2. Nf3 d6 3. d4 cxd4 4. Nxd4 Nf6 5. Nc3 a6 6. Bg5 e6 7. f4 Be7 8. Qf3 Qc7 9. 0-0-0 Nbd7 10. g4 b5 11. Bxf6 Nxf6 12. g5 Nd7 13. f5 Bxg5+ 14. Kb1 Ne5 15. Qh5 Qd8 16. Nxe6 Bxe6 17. fxe6 0-0 18. h4 Bf6 19. Qf5 g6 20. Qh3 Rc8 21. Nd5 Nc4 22. Bxc4 bxc4 23. h5 g5 24. Rhf1 Be7 25. Nxe7+ Qxe7 26. Rxf7 Qe8 27. Qf5 Rxf7 28. exf7+ 1-0